Statistics for NCAA Basketball Teams by State with Exceptions

Click here to take the quiz!

General Stats

  • This quiz has been taken 12,092 times
  • The average score is 24 of 37

Answer Stats

State#Teams% Correct
Ohio11
Akron | Bowling Green | Cincinnati | Cleveland St | Dayton | Kent | Miami |
Toledo | Wright St | Xavier | Youngstown
89%
California10Fresno St | Loyola Marymount | Pacific | Pepperdine | San Diego | San Diego St |
San Jose St | San Francisco | Stanford | St Mary's
88%
New York19Army | Canisius | Colgate | Cornell | Columbia | Fordham | Hofstra | Iona |
Long Island | Manhattan | Marist | Niagara | Siena |St Bonaventure |
St Francis | St John's | Stony Brook | Syracuse | Wagner
86%
Texas12Abilene Christian | Baylor | Houston | Houston Baptist | Incarnate Word | Lamar |
Prairie View A&M | Rice | Sam Houston St | SMU | Stephen F Austin | Tarleton State
85%
Florida4Bethune-Cookman | Jacksonville | Miami | Stetson
83%
Massachusetts6Boston College | Boston University | Harvard | Holy Cross |
Merrimack | Northeastern
83%
North Carolina8
Appalachian St | Campbell | Davidson | Duke | Elon | Gardner Webb |
High Point | Wake Forest
83%
Pennsylvania12
Bucknell | Drexel | Duquesne | Lafayette | La Salle | Lehigh | Pittsburgh |
Robert Morris | St Francis | St Joseph's | Temple | Villanova
82%
New Jersey7Fairleigh Dickinson | Monmouth | Princeton | Rider | Rutgers | Seton Hall | St Peter's
82%
Indiana7Ball St | Butler | Evansville | Notre Dame | Purdue |
Purdue Fort Wayne | Valparaiso
80%
Alabama4Auburn | Jacksonville St | Samford | Troy
79%
Connecticut5Fairfield | Hartford | Quinnipiac | Sacred Heart | Yale
75%
Tennessee5Austin Peay | Belmont | Lipscomb | Memphis | Vanderbilt
74%
Illinois5Bradley | Chicago St | DePaul | Loyola Chicago | Northwestern
74%
Rhode Island3Brown | Bryant | Providence
74%
South Carolina8
Charleston | Charleston Southern | Citadel | Clemson | Furman | Presbyterian |
Winthrop | Wofford
73%
Washington2Gonzaga | Seattle
73%
Kentucky4Bellarmine | Louisville | Morehead St | Murray St
72%
Colorado2Air Force | Denver
71%
Utah3BYU | Dixie St | Weber St
71%
Virginia10George Mason | Hampton | James Madison | Liberty | Longwood | Norfolk St |
Old Dominion | Radford | Richmond | William & Mary
70%
Louisiana7Grambling St | McNeese St | New Orleans | Nicholls St |
Northwestern St | Southern | Tulane
70%
Idaho1Boise St
66%
Oklahoma2Oral Roberts | Tulsa
61%
Maryland5Coppin St | Morgan St | Mt St Mary's | Navy | Towson
56%
Oregon2Portland | Portland St
56%
Michigan2Detroit | Oakland
53%
Missouri1St Louis
47%
Kansas1Wichita St
45%
Nebraska1Creighton
43%
New Hampshire1Dartmouth
43%
Wisconsin1Marquette
43%
Mississippi2Alcorn St | Jackson St
41%
Arizona1Grand Canyon
40%
West Virginia1Marshall
39%
Iowa1Drake
27%
Georgia2Kennesaw St | Mercer
22%

Score Distribution

Percentile by Number Answered

Percent of People with Each Score

Your Score History

You have not taken this quiz